Concreto para técnicos de la construcción / (Registro nro. 808)
[ vista simple ]
| 000 -LEADER | |
|---|---|
| campo de control de longitud fija | 02130nam a22004577a 4500 |
| 001 - NÚMERO DE CONTROL | |
| campo de control | 42835 |
| 003 - IDENTIFICADOR DE NÚMERO DE CONTROL | |
| campo de control | gtgccic |
| 005 - FECHA Y HORA DE LA ÚLTIMA TRANSACCIÓN | |
| campo de control | 20250806123007.0 |
| 007 - CAMPO FIJO DE DESCRIPCIÓN FÍSICA--INFORMACIÓN GENERAL | |
| campo de control de longitud fija | ta |
| 008 - DATOS DE LONGITUD FIJA--INFORMACIÓN GENERAL | |
| campo de control de longitud fija | 250806b mx ||||| |||| 00| 0 spa d |
| 020 ## - NÚMERO INTERNACIONAL ESTÁNDAR DEL LIBRO | |
| Número Internacional Estándar del Libro | 968464132 |
| 040 ## - FUENTE DE CATALOGACIÓN | |
| Centro catalogador/agencia de origen | gtgccic |
| Lengua de catalogación | spa |
| Centro/agencia transcriptor | gtgccic |
| Centro/agencia modificador | gtgccic |
| Normas de descripción | rda |
| 082 ## - NÚMERO DE LA CLASIFICACIÓN DECIMAL DEWEY | |
| Número de clasificación | 691.3 M942 |
| 100 1# - ENTRADA PRINCIPAL--NOMBRE DE PERSONA | |
| Nombre de persona | René Muciño Castañeda |
| Títulos y otros términos asociados al nombre | Dr. |
| Término indicativo de función/relación | Autor |
| 245 ## - MENCIÓN DEL TÍTULO | |
| Título | Concreto para técnicos de la construcción / |
| Mención de responsabilidad, etc. | Dr. Muciño Castañeda, René |
| 264 ## - PRODUCCIÓN, PUBLICACIÓN, DISTRIBUCIÓN, FABRICACIÓN Y COPYRIGHT | |
| Producción, publicación, distribución, fabricación y copyright | México : |
| Nombre del de productor, editor, distribuidor, fabricante | Instituto Mexicano del Cemento y del Concreto ; |
| Fecha de producción, publicación, distribución, fabricación o copyright | 2003. |
| 300 ## - DESCRIPCIÓN FÍSICA | |
| Extensión | vi, 183 p. : |
| Otras características físicas | il. ; |
| Dimensiones | 28 cm |
| 336 ## - TIPO DE CONTENIDO | |
| Fuente | rdacontenido |
| Término de tipo de contenido | texto |
| Código de tipo de contenido | txt |
| 337 ## - TIPO DE MEDIO | |
| Fuente | rdamedio |
| Nombre/término del tipo de medio | sin mediación |
| Código del tipo de medio | n |
| 338 ## - TIPO DE SOPORTE | |
| Fuente | rdasoporte |
| Nombre/término del tipo de soporte | volumen |
| Código del tipo de soporte | nc |
| 505 ## - NOTA DE CONTENIDO CON FORMATO | |
| Información miscelánea | Capítulo 1 |
| Título | NATURALEZA DEL CONCRETO |
| 505 ## - NOTA DE CONTENIDO CON FORMATO | |
| Información miscelánea | Capítulo 2 |
| Título | PRINCIPALES MATERIALES |
| 505 ## - NOTA DE CONTENIDO CON FORMATO | |
| Información miscelánea | Capítulo 3 |
| Título | DOSIFICACIÓN DE MEZCLAS DE CONCRETO |
| 505 ## - NOTA DE CONTENIDO CON FORMATO | |
| Información miscelánea | Capítulo 4 |
| Título | TIPOS DE CONCRETO |
| 505 ## - NOTA DE CONTENIDO CON FORMATO | |
| Información miscelánea | Capítulo 5 |
| Título | ELABORACIÓN DEL CONCRETO |
| 505 ## - NOTA DE CONTENIDO CON FORMATO | |
| Información miscelánea | Capítulo 6 |
| Título | CONCRETO FRESCO |
| 505 ## - NOTA DE CONTENIDO CON FORMATO | |
| Información miscelánea | Capítulo 7 |
| Título | CONCRETO ENDURECIDO |
| 505 ## - NOTA DE CONTENIDO CON FORMATO | |
| Información miscelánea | Capítulo 8 |
| Título | DURABILIDAD |
| 505 ## - NOTA DE CONTENIDO CON FORMATO | |
| Información miscelánea | Capítuo 9 |
| Título | PISOS Y PAVIMENTOS DE CONCRETO |
| 505 ## - NOTA DE CONTENIDO CON FORMATO | |
| Información miscelánea | Capítulo 10 |
| Título | CONCRETO REFORZADO |
| 505 ## - NOTA DE CONTENIDO CON FORMATO | |
| Información miscelánea | Capítulo 11 |
| Título | PREFABRICADOS |
| 505 ## - NOTA DE CONTENIDO CON FORMATO | |
| Información miscelánea | Capítulo 12 |
| Título | SUPERVISIÓN DE OBRAS DE CONCRETO |
| 505 ## - NOTA DE CONTENIDO CON FORMATO | |
| Información miscelánea | Capítulo 13 |
| Título | GRIETAS Y REPARACIÓN EN CONCRETO |
| 520 ## - RESUMEN, ETC. | |
| Sumario, etc. | En la industria de la construcción se utilizan dos tipos de concreto: hidráulico y asfáltico. El primero utiliza como material aglomerante al cemento portland y el segundo tiene como material ligante al cemento asfáltico. En este libro se trata únicamente del concreto hidráulico, que por facilidad se llama concreto. El concreto se ha utilizado desde principios del siglo XX. Por su resistencia puede adquirir prácticamente cualquier forma, prestándole la debida atención resulta un material durable y económico. |
| 650 ## - PUNTO DE ACCESO ADICIONAL DE MATERIA--TÉRMINO DE MATERIA | |
| Término de materia o nombre geográfico como elemento de entrada | INDUSTRIA DEL CEMENTO |
| 650 ## - PUNTO DE ACCESO ADICIONAL DE MATERIA--TÉRMINO DE MATERIA | |
| Término de materia o nombre geográfico como elemento de entrada | CONSTRUCCIÓN |
| 650 ## - PUNTO DE ACCESO ADICIONAL DE MATERIA--TÉRMINO DE MATERIA | |
| Término de materia o nombre geográfico como elemento de entrada | MATERIALES |
| 700 ## - ENTRADA AGREGADA--NOMBRE PERSONAL | |
| Nombre de persona | Ing. Raúl Huerta Martínez |
| Término indicativo de función/relación | Producción editorial |
| 942 ## - ELEMENTOS DE ENTRADA SECUNDARIOS (KOHA) | |
| Fuente de la clasificación o esquema de estantería | Clasificación Decimal Dewey |
| Tipo de ítem Koha | Libros |
| Suprimir en OPAC | No |
| 945 ## - PROCESAMIENTO DE INFORMACIÓN LOCAL (OCLC) | |
| a | amlo |
| Estatus retirado | Estado de pérdida | Fuente de la clasificación o esquema de estantería | Estado de daño | No para préstamo | Biblioteca de origen | Biblioteca actual | Ubicación en estantería | Fecha de adquisición | Fuente de adquisición | Número de inventario | Total de préstamos | Signatura topográfica completa | Código de barras | Visto por última vez | Copia número | Precio de reemplazo | Tipo de ítem Koha |
|---|---|---|---|---|---|---|---|---|---|---|---|---|---|---|---|---|---|
| Clasificación Decimal Dewey | CENTRO DE INFORMACIÓN A LA CONSTRUCCIÓN-CICON | CENTRO DE INFORMACIÓN A LA CONSTRUCCIÓN-CICON | Colección general | 06/08/2025 | compra | 8.3.01.H.11160/09 | 691.3 M942 | Ccicon8.3.01.H.11160 | 06/08/2025 | 1 | 06/08/2025 | Libros |